| 000 | 00459nmm a2200157Ia 4500 | ||
|---|---|---|---|
| 008 | 251105s9999||||xx |||||||||||||||||und|| | ||
| 041 | _aspa | ||
| 100 | _aNaranjo, Romina | ||
| 245 | 0 | _aUn matrimonio de anuncio | |
| 264 |
_a[Madrid, España] : _bEdiciones Pàmies, _c[Fecha de publicación no identificada] |
||
| 300 | _a245 páginas | ||
| 490 | _aPhoebe | ||
| 650 | _aRomance | ||
| 856 | _uhttps://public.digitaliapublishing.com/a/84796 | ||
| 942 | _cCF | ||
| 999 |
_c100440 _d100440 |
||